000 00517nam a2200145Ia 4500
008 100122s9999 xx 000 0 und d
082 _b59484
_a138
100 _aघाणेकर मधुसूदन
245 _aझंजावती सहया व स्वभाव
260 _bनितीन प्रकाशन
_c2000
300 _a104
630 _aझंजावती सहया व स्वभाव
730 _aझंजावती सहया व स्वभाव
942 _cBOOK
999 _c435049
_d435046